[Event "Titled Tuesday intern op 03rd Jan Late"]
[Site "Chess.com INT"]
[Date "2025.06.03"]
[Round "1"]
[White "Medina Paz, Miguel"]
[Black "Thomforde Toates, Noah"]
[Result "0-1"]
[WhiteElo "2368"]
[BlackElo "2128"]
[PlyCount "64"]
[EventDate "2025.06.03"]
[EventType "swiss (blitz)"]
[EventRounds "11"]
[EventCountry "USA"]
[SourceTitle "CB24_2025"]
[SourceDate "2025.06.11"]
[SourceVersion "1"]
[SourceVersionDate "2025.06.11"]
[SourceQuality "1"]

1. d4 Nf6 2. c4 g6 3. Nc3 Bg7 4. e4 d6 5. Be2 0-0 6. Bg5 c5 7. d5 a6 8. a4 e6 9. Nf3 exd5 10. exd5 h6 11. Bf4 Re8 12. 0-0 Nh5 13. Be3 Nd7 14. Qd2 Kh7 15. a5 Rb8 16. Ra4 Ndf6 17. b4 cxb4 18. Bb6 bxc3 19. Bxd8 cxd2 20. Bc7 Rxe2 21. Bxb8 Ne4 22. c5 Nxc5 23. Rc4 Ne4 24. Rxc8 Rxf2 25. Nxd2 Rxd2 26. Ba7 f5 27. Rc7 Rxd5 28. Rxb7 Rxa5 29. Rc1 g5 30. Bd4 Kg6 31. Bxg7 Nxg7 32. Rcc7 Ra1+ 0-1

[Event "Titled Tuesday intern op 18th Mar Late"]
[Site "Chess.com INT"]
[Date "2025.03.18"]
[Round "4"]
[White "Redzisz, Michal"]
[Black "Thomforde Toates, Noah"]
[Result "0-1"]
[WhiteElo "2234"]
[BlackElo "2128"]
[PlyCount "74"]
[EventDate "2025.03.18"]
[EventType "swiss (blitz)"]
[EventRounds "11"]
[EventCountry "USA"]
[SourceTitle "CB13_2025"]
[SourceDate "2025.03.26"]
[SourceVersion "1"]
[SourceVersionDate "2025.03.26"]
[SourceQuality "1"]

1. d4 Nf6 2. c4 g6 3. g3 Bg7 4. Bg2 0-0 5. Nc3 d6 6. Nf3 Nc6 7. 0-0 e5 8. dxe5 Nxe5 9. Nxe5 dxe5 10. Bg5 Qxd1 11. Raxd1 c6 12. Rd6 Be6 13. Rfd1 h6 14. Bxf6 Bxf6 15. b3 Rfd8 16. Ne4 Be7 17. Rxd8+ Rxd8 18. Rxd8+ Bxd8 19. Nc5 Bc8 20. Kf1 Be7 21. Nd3 f6 22. Ke1 Kf7 23. Kd2 Ke6 24. Kc3 f5 25. e4 Kd6 26. f4 exf4 27. e5+ Ke6 28. Nxf4+ Kf7 29. Bf3 g5 30. Bh5+ Kg7 31. Nd3 Be6 32. Kd4 b6 33. b4 Bf7 34. Bxf7 Kxf7 35. a4 Ke6 36. a5 Bxb4 37. Nxb4 c5+ 0-1

[Event "Titled Tuesday intern op 18th Mar Late"]
[Site "Chess.com INT"]
[Date "2025.03.18"]
[Round "2"]
[White "Thomforde Toates, Noah"]
[Black "Lazniewska, Zofia"]
[Result "1-0"]
[WhiteElo "2128"]
[BlackElo "1945"]
[PlyCount "41"]
[EventDate "2025.03.18"]
[EventType "swiss (blitz)"]
[EventRounds "11"]
[EventCountry "USA"]
[SourceTitle "CB13_2025"]
[SourceDate "2025.03.26"]
[SourceVersion "1"]
[SourceVersionDate "2025.03.26"]
[SourceQuality "1"]

1. d4 d5 2. Nc3 e6 3. Bf4 Nf6 4. e3 c6 5. Nf3 Be7 6. Ne5 Nbd7 7. Bd3 0-0 8. Qf3 Re8 9. 0-0 Nxe5 10. Bxe5 b6 11. Qh3 h6 12. f4 c5 13. Rf3 c4 14. Rg3 Kh8 15. Be2 Rg8 16. Qh4 Nh7 17. Qxh6 f6 18. Qxh7+ Kxh7 19. Rh3+ Kg6 20. Bh5+ Kf5 21. g4# 1-0

[Event "Titled Tuesday intern op 04th Feb Late"]
[Site "Chess.com INT"]
[Date "2025.02.04"]
[Round "1"]
[White "Souza, Adwilhans Luciano"]
[Black "Thomforde Toates, Noah"]
[Result "1-0"]
[WhiteElo "2311"]
[BlackElo "2128"]
[PlyCount "65"]
[EventDate "2025.02.04"]
[EventType "swiss (blitz)"]
[EventRounds "11"]
[EventCountry "USA"]
[SourceTitle "CB07_2025"]
[SourceDate "2025.02.12"]
[SourceVersion "1"]
[SourceVersionDate "2025.02.12"]
[SourceQuality "1"]

1. e4 c5 2. Nf3 g6 3. d4 cxd4 4. Nxd4 Bg7 5. Nc3 Nc6 6. Be3 Nf6 7. Nb3 0-0 8. Be2 d6 9. f4 a6 10. g4 b5 11. g5 Nd7 12. a3 Bb7 13. Qd2 Rc8 14. 0-0-0 Nb6 15. Kb1 Nc4 16. Bxc4 bxc4 17. Nd4 Rb8 18. h4 e5 19. Nxc6 Bxc6 20. f5 gxf5 21. exf5 Re8 22. Rhg1 Qa5 23. Ka2 Bf8 24. Ne4 Qa4 25. Nf6+ Kh8 26. Qe2 Rec8 27. Qh5 Rxb2+ 28. Kxb2 Rb8+ 29. Kc1 h6 30. Qxf7 Qxa3+ 31. Kd2 c3+ 32. Ke1 Bg7 33. gxh6 1-0

[Event "Titled Tuesday intern op 04th Feb Late"]
[Site "Chess.com INT"]
[Date "2025.02.04"]
[Round "2"]
[White "Thomforde Toates, Noah"]
[Black "Degtiarev, Evgeny"]
[Result "1-0"]
[WhiteElo "2128"]
[BlackElo "2390"]
[PlyCount "39"]
[EventDate "2025.02.04"]
[EventType "swiss (blitz)"]
[EventRounds "11"]
[EventCountry "USA"]
[SourceTitle "CB07_2025"]
[SourceDate "2025.02.12"]
[SourceVersion "1"]
[SourceVersionDate "2025.02.12"]
[SourceQuality "1"]

1. c4 e5 2. Nc3 Nf6 3. g3 Nc6 4. Bg2 Bc5 5. Nf3 0-0 6. 0-0 d5 7. cxd5 Nxd5 8. Nxe5 Nxc3 9. bxc3 Nxe5 10. d4 Bd6 11. dxe5 Bxe5 12. Qb3 Qf6 13. Ba3 Rd8 14. Rad1 Rxd1 15. Rxd1 Rb8 16. Qa4 Be6 17. Qxa7 c6 18. f4 Bc7 19. e4 Qxc3 20. Qxb8+ 1-0

[Event "Titled Tuesday intern op 21st Jan Late"]
[Site "Chess.com INT"]
[Date "2025.01.21"]
[Round "3"]
[White "Tavernier, Loris"]
[Black "Thomforde Toates, Noah"]
[Result "0-1"]
[WhiteElo "2063"]
[BlackElo "2124"]
[PlyCount "96"]
[EventDate "2025.01.21"]
[EventType "swiss (blitz)"]
[EventRounds "11"]
[EventCountry "USA"]
[SourceTitle "CB05_2025"]
[SourceDate "2025.01.29"]
[SourceVersion "1"]
[SourceVersionDate "2025.01.29"]
[SourceQuality "1"]

1. e4 c5 2. d4 cxd4 3. c3 d3 4. Bxd3 Nc6 5. c4 g6 6. Nf3 Bg7 7. 0-0 d6 8. h3 Nf6 9. Nc3 0-0 10. Be3 Be6 11. Rc1 Qa5 12. b3 Rfc8 13. Bb1 Qh5 14. Re1 Bxh3 15. gxh3 Qxh3 16. Ng5 Qh4 17. Qf3 Ng4 18. Qg3 Qxg3+ 19. fxg3 Nxe3 20. Rxe3 Bh6 21. Rf1 Bxg5 22. Re2 Nd4 23. Ree1 Bd2 24. Nd5 Bxe1 25. Nxe7+ Kf8 26. Nxc8 Bxg3 27. Kg2 Be5 28. Nxd6 Bxd6 29. Rd1 Be5 30. c5 a5 31. Bd3 Rc8 32. Bc4 Rxc5 33. Rf1 f6 34. a3 b5 35. Bd5 Rc2+ 36. Rf2 Rxf2+ 37. Kxf2 Ke7 38. b4 a4 39. Ke3 h5 40. Kd3 h4 41. Bg8 h3 42. Bh7 Kf7 43. Bxg6+ Kxg6 44. Ke3 h2 45. Kf2 h1Q 46. Ke3 Qf3+ 47. Kd2 Bf4+ 48. Ke1 Qe2# 0-1

[Event "Titled Tuesday intern op 21st Jan Late"]
[Site "Chess.com INT"]
[Date "2025.01.21"]
[Round "5"]
[White "Thomforde Toates, Noah"]
[Black "Harshavardhan, GB."]
[Result "1/2-1/2"]
[WhiteElo "2124"]
[BlackElo "2405"]
[PlyCount "121"]
[EventDate "2025.01.21"]
[EventType "swiss (blitz)"]
[EventRounds "11"]
[EventCountry "USA"]
[SourceTitle "CB05_2025"]
[SourceDate "2025.01.29"]
[SourceVersion "1"]
[SourceVersionDate "2025.01.29"]
[SourceQuality "1"]

1. c4 c5 2. Nc3 Nc6 3. g3 g6 4. Bg2 Bg7 5. Nf3 e5 6. 0-0 Nge7 7. d3 d6 8. a3 0-0 9. Rb1 a5 10. Nd5 Nxd5 11. cxd5 Ne7 12. Nd2 b5 13. a4 Bd7 14. axb5 Bxb5 15. Nc4 f5 16. Ra1 Qc7 17. Qc2 f4 18. e4 g5 19. Bh3 h5 20. Be6+ Kh7 21. f3 Bd7 22. Bxd7 Qxd7 23. Nb6 Qb5 24. Nxa8 Rxa8 25. Qc4 Qd7 26. Kg2 Ng6 27. Bd2 g4 28. Qa4 gxf3+ 29. Rxf3 Qg4 30. Rf2 Rf8 31. Qd1 f3+ 32. Kh1 h4 33. Qg1 Bh6 34. Bxh6 Kxh6 35. Rxa5 Kg5 36. Qc1+ Kh5 37. Ra7 Rh8 38. Rf7 hxg3 39. Rf5+ Qxf5 40. exf5 gxf2 41. fxg6 Kxg6 42. Qf1 Ra8 43. Qxf2 Ra1+ 44. Qg1+ Rxg1+ 45. Kxg1 Kf5 46. Kf2 Kg4 47. b3 Kf4 48. h3 e4 49. dxe4 Kxe4 50. h4 Kxd5 51. Kxf3 Ke5 52. Ke3 Kf5 53. h5 d5 54. h6 Kg6 55. Kf4 Kxh6 56. Ke5 d4 57. Ke4 Kg5 58. b4 cxb4 59. Kxd4 Kf4 60. Kc4 Ke3 61. Kxb4 1/2-1/2

[Event "Titled Tuesday intern op 21st Jan Late"]
[Site "Chess.com INT"]
[Date "2025.01.21"]
[Round "2"]
[White "Thomforde Toates, Noah"]
[Black "Yevchenko, Alexander"]
[Result "1-0"]
[WhiteElo "2124"]
[BlackElo "2276"]
[PlyCount "51"]
[EventDate "2025.01.21"]
[EventType "swiss (blitz)"]
[EventRounds "11"]
[EventCountry "USA"]
[SourceTitle "CB05_2025"]
[SourceDate "2025.01.29"]
[SourceVersion "1"]
[SourceVersionDate "2025.01.29"]
[SourceQuality "1"]

1. c4 e5 2. Nc3 Nf6 3. g3 c6 4. Nf3 e4 5. Nd4 d5 6. cxd5 cxd5 7. d3 exd3 8. Qxd3 Nc6 9. Bg5 Be7 10. Bg2 0-0 11. 0-0 Re8 12. Rad1 Be6 13. Nxe6 fxe6 14. Bh3 Bc5 15. e4 dxe4 16. Qc4 Qe7 17. Nxe4 Bb6 18. Bxf6 gxf6 19. Rd7 Qf8 20. Bxe6+ Kh8 21. Nd6 Ne5 22. Nf7+ Nxf7 23. Rxf7 Qh6 24. Bf5 Bxf2+ 25. Rxf2 Re1+ 26. Kg2 1-0

[Event "Pan American Intercollegiate-chT"]
[Site "Charlotte"]
[Date "2025.01.05"]
[Round "6.27"]
[White "Andersen, Gunnar James"]
[Black "Thomforde Toates, Noah"]
[Result "1-0"]
[WhiteElo "2215"]
[BlackElo "2124"]
[PlyCount "99"]
[EventDate "2025.01.02"]
[EventType "team-swiss"]
[EventRounds "6"]
[EventCountry "USA"]
[SourceTitle "CB02_2025"]
[SourceDate "2025.01.08"]
[SourceVersion "1"]
[SourceVersionDate "2025.01.08"]
[SourceQuality "1"]
[WhiteTeam "Maryland BC Univ"]
[BlackTeam "North Carolina Univv"]
[WhiteTeamCountry "USA"]
[BlackTeamCountry "USA"]

1. e4 c5 2. Nf3 g6 3. c3 Bg7 4. d4 cxd4 5. cxd4 Nf6 6. e5 Nd5 7. Qb3 Nb6 8. a4 d5 9. Bb5+ Bd7 10. Nc3 Nc6 11. 0-0 0-0 12. h3 a5 13. Rd1 Nb4 14. Bxd7 Qxd7 15. Bd2 Rfc8 16. Nb5 Rc4 17. Bc3 e6 18. Nh2 h5 19. Nf1 Bf8 20. Ne3 Be7 21. g4 hxg4 22. hxg4 Rcc8 23. Kg2 Kg7 24. Rh1 Rh8 25. Bxb4 axb4 26. Rxh8 Rxh8 27. Qd3 Bg5 28. b3 Bf4 29. Rh1 Rxh1 30. Kxh1 Qc6 31. Nc2 Qc8 32. Kg2 Qh8 33. Nxb4 Qh2+ 34. Kf1 Qh1+ 35. Ke2 Qg1 36. Qf3 g5 37. Nd3 Qb1 38. Nxf4 gxf4 39. Qxf4 Qc2+ 40. Kf1 Qxb3 41. Qf6+ Kg8 42. Qg5+ Kf8 43. Nd6 Nd7 44. Qd8+ Kg7 45. Ne8+ Kg6 46. Qh4 Qb1+ 47. Kg2 Qe4+ 48. Kg1 Qe1+ 49. Kh2 Nxe5 50. Qh5# 1-0